1501 1887 1860 1349 1103 1320 1480 1760 1448 1912 1202 1322 1891 1122 1966 1592 1567 1784 1240 1679 1873 1399 1792 1782 1966 1023 1736 1736 1846 1388 1388 1277 1460 1382 1194 1042 1060 1419 1601 1091 1896 1734 1462 1257 1327 1119 1626 1670 1458 1786 1113 1720 1271 1024 1340 1437 1231 1867 1641 1001 1769 1684 1517 1481 1405 1628 1095 1692 1486 1238 1833 1061 1847 1758 1051 1455 1879 1214 1492 1371 1963 1416 1345 1425 1824 1657 1338 1721 1647 1672 1236 1517 1265 1512 1427 1655 1881 1448 1178 BCNSPRNW ULIB Ver.6.0+V

เปลี่ยนเป็นภาษาไทย

Change to English
 แสดงรายละเอียดบรรณานุกรม
  กลับหน้าหลัก

Brief Record : Get Marc (ISO 2709) : E-mail record : QR code < ปิดหน้าต่าง
LEADER : 00000nam 2200000uu 4500
001    13399120745
003     ULIB
008    121005s2553||||th 000 0 tha d
020    ^a9786167324180
050 04 ^aLC94.T5^bส691ผ2553
245 00 ^aแผนการศึกษาแห่งชาติ ฉบับปรับปรุง (พ.ศ. 2552-2559) ฉบับสรุป/^cสำนักงานเลขาธิการสภาการศึกษา
250    ^aพิมพ์ครั้งที่ 1
260    ^aกรุงเทพฯ :^bสำนักงานเลขาธิการสภาการศึกษา,^c2553
300    ^a90 หน้า ;^c21 ซม.
650  4 ^aการพัฒนาการศึกษา
650  4 ^aแผนการศึกษาแห่งชาติ
710 2  ^aสำนักงานเลขาธิการสภาการศึกษา
945    ^p0^l0^i16596
945    ^p0^l0^i16597
945    ^p0^l0^i16592
995    ^aวิภา
999 ^a ทศพร
รายการนี้ยังไม่มีแท็ก
คุณยังไม่ได้ล็อกอิน คุณสามารถมีกิจกรรมร่วมกับเว็บไซต์ได้ แต่ต้องล็อกอินก่อน ::
  ล็อกอิน

รายการสื่อสารสนเทศ

ลำดับที่ ประเภท เลขเรียก/บาร์โค้ด สถานที่ สถานะ
1. วิทยาศาสตร์การแพทย์ และสุขภาพ
วิทยาศาสตร์การแพทย์ และสุขภาพ
LC94.T5 ส691ผ2553  
  Barcode: 16596
ห้องสมุดวิทยาเขตสวรรค์ประชารักษ์
►หนังสือทั่วไป
บนชั้น
2. วิทยาศาสตร์การแพทย์ และสุขภาพ
วิทยาศาสตร์การแพทย์ และสุขภาพ
LC94.T5 ส691ผ2553 ฉ.2 
  Barcode: 16597
ห้องสมุดวิทยาเขตสวรรค์ประชารักษ์
►หนังสือทั่วไป
บนชั้น
3. วิทยาศาสตร์การแพทย์ และสุขภาพ
วิทยาศาสตร์การแพทย์ และสุขภาพ
LC94.T5 ส691ผ2553 ฉ.3 
  Barcode: 16592
ห้องสมุดวิทยาเขตสวรรค์ประชารักษ์
►หนังสือทั่วไป
บนชั้น

รายการใกล้เคียง
    หัวเรื่อง [การพัฒนาการศึกษา]
    หัวเรื่อง [แผนการศึกษาแห่งชาติ]

BibComment


ยังไม่เคยถูกคอมเมนท์

คอมเมนท์ทรัพยากรรายการนี้
  คอมเมนท์: แผนการศึกษาแห่งช..


 Copyright 2026. Bcnsprnw @Library